000 00463nam a2200181Ia 4500
003 LK-CoDNM
005 20240417151527.0
008 010623t1953 xxu||||| |||| 00| 1 sin d
040 _aLK-CoDNM
_dLK-CoDNM
_eLK-CoDNM
041 _asin
080 _aඡ9
100 _aMolligoda,L.M.Perera
245 _aසුබැසි අමාරස
246 _aSubesi Amaarasa
260 _bD.P.Dodangoda Co.
_aMoratuva
_c1953
300 _a71p.,21 cm
942 _cBK
999 _c103327
_d103327